| 000 | 00426cam a22001217a 4500 | ||
|---|---|---|---|
| 008 | 180718b1966 xxu||||| |||| 00| 0 eng d | ||
| 082 | _aL2x548 C339 | ||
| 245 |
_aThe New Tax structure - 1965-66 _cBy The Department of Inland Revenue |
||
| 260 |
_aColombo _bThe Department of Inland Revenue _c1966 |
||
| 300 | _a66p | ||
| 650 | _aTaxation - Law and legislation - Sri Lanka | ||
| 650 | _aIncome tax - Law and legislation - Sri Lanka | ||
| 999 |
_c409807 _d409807 |
||